| 000 | 00672nam a2200181 a 4500 | ||
|---|---|---|---|
| 005 | 20210223122336.0 | ||
| 008 | 991125s1987 mx 000 0 spa u | ||
| 035 | _aUPN01000033799 | ||
| 049 | _aSEP | ||
| 050 | 4 |
_aL227 D45 _bB2.5926 |
|
| 110 | 1 |
_aMéxico. _bDirección General de Educación Normal _928127 |
|
| 245 | 1 | 0 |
_aLaboratorio de docencia II : _bceguera y debilidad visual : quinto semestre/ _cDirección General de Educación Normal. |
| 260 |
_aMéxico : _bSEP, Dirección General de Educación Normal, _c1987. |
||
| 300 | _a47 h. | ||
| 650 | 4 |
_aCIEGOS - _xEDUCACION - _vPLANES Y PROGRAMAS _99644 |
|
| 650 | 4 |
_aPROGRAMAS DE EDUCACION ESPECIAL _913800 |
|
| 905 | _aLibro | ||
| 999 |
_c33799 _d33799 |
||